| 000 | 01354nam a2200373 c 4500 | ||
|---|---|---|---|
| 999 |
_c346260 _d346260 |
||
| 003 | BLK | ||
| 005 | 20250708161910.0 | ||
| 008 | 180409b bul|||||r ||||||| ||bul|| | ||
| 010 | _aKNG00116236000 | ||
| 020 | _a9789542829171 | ||
| 040 | _aBLK | ||
| 041 |
_aBUL _cBUL |
||
| 080 |
_aАмериканска литература (на САЩ) _b821.111(73) _x-31 _z821.111(73)-31 |
||
| 100 | 1 |
_aДжеймз, Хенри _eпърви автор _9279160 |
|
| 139 |
_aДжеймс, Хенри _bД 50 |
||
| 245 | 1 | 0 |
_aПримката на призрака _cХенри Джеймс; прев. от англ. Иглика Василева. |
| 257 | _aUSA | ||
| 260 |
_aСофия _bСиела Норма _c2019 _fСофия |: Алианс Принт _9217021 _n978-954-28- |
||
| 300 |
_a176 с. _c22 см |
||
| 380 | _aX | ||
| 500 | _aОриг. загл. The Turn of the Screw / Henry James. | ||
| 700 | 1 |
_aДжеймс, Хенри _e* _9371297 |
|
| 700 | 1 |
_aВасилева, Иглика _eпрев. от англ. _9363502 |
|
| 852 |
_bП _cП 820(73)-31/Д 50 |
||
| 856 | 4 |
_qpdf _i0.00 _ldisable |
|
| 856 | 4 |
_qpdf _i0.00 _ldisable |
|
| 942 |
_cKNG _n0 _s1 _021 |
||
| 944 |
_aCR _c2019-11-07 _k30531 _lЦветелина Шанова |
||
| 944 |
_aED _c2019-11-07 |
||
| 999 | _d346260 | ||
| 999 | _d346260 | ||
| 999 | _d346260 | ||
| 999 | _d110903 | ||